Kerjaya dalam bidang Matematik

Bibliographic Details
Main Author: Suraya Muhamad
Format: Book
Published: Selangor : Jumeirah Trading , 2020
Series:Memacu haluan kerjaya dengan sivik
Subjects:

MARC

LEADER 00000cam a2200000 7i4500
001 0000278608
005 20200917155910.0
020 |a 9789672350002 
090 0 0 |a 331.71   |b SUR 
100 0 |a Suraya Muhamad 
245 1 0 |a Kerjaya dalam bidang Matematik   |c Suraya Muhamad 
260 |a Selangor :   |b Jumeirah Trading ,   |c 2020 
300 |a 40p. :   |b photo ;   |c 26cm. 
490 0 |a Memacu haluan kerjaya dengan sivik 
650 0 |a Job descriptions 
650 0 |a Occupations 
650 0 |a Profession 
999 |a 00384689   |b BUKU   |c JUNIOR BOOKS   |e PERPUSTAKAAN KOMUNITI PETALING JAYA